|
|
|
|
| LEADER |
00000naa a2200000uu 4500 |
| 001 |
vtls011091442 |
| 003 |
SK-MaSNL |
| 005 |
20260302110251.0 |
| 008 |
210905|2012 xo |||||||||||||||||eng| |
| 015 |
|
|
|a SNBRA
|
| 035 |
|
|
|a (urnnbn)urn:nbn:sk:snk:ar-a0cqrf
|
| 035 |
|
|
|a (uuid)fbdc156f-c4f9-4f62-b70b-2cb0b695bff9
|
| 035 |
|
|
|a urn:nbn:sk:snk-aavwhe
|
| 040 |
|
|
|a SNKBUCL
|b slo
|c SNKBUCL
|e AACR2
|
| 041 |
0 |
|
|a eng
|
| 044 |
|
|
|a xo
|c SK
|
| 100 |
1 |
|
|a Kuželová, Eliška
|4 aut
|9 786070
|
| 245 |
1 |
0 |
|a TRAVELLING BY TRAIN FROM SLOVAKIA TO NEIGHBORING COUNTRIES
|c Eliška Kuželová
|
| 773 |
0 |
|
|t "Ekonomicko-sociálne aspekty cezhraničnej spolupráce hospodárskych subjektov v regióne Žilinského kraja a Sliezskeho vojvodstva 2."
|d Žilina] : Mida print, 2012
|g S. 117-121
|z 9788097101817
|
| 958 |
|
|
|a OND
|
| 958 |
|
|
|a article12
|
| 958 |
|
|
|a chapter
|
| 999 |
|
|
|c 1242496
|d 1244426
|